| 000 | 01630nam a2200457 i 4500 | ||
|---|---|---|---|
| 001 | 10612 | ||
| 003 | KOSZ 005 | ||
| 005 | 20191003112907.0 | ||
| 008 | 191003s1969 pl a f 000 0 pol | ||
| 015 | _aPB 1969/2244 | ||
| 035 | _a991037075569705066 | ||
| 035 | _a(PL-WaBN)b19947999-48omnis_nlop | ||
| 035 | _ab19947999 | ||
| 035 | _a(OCoLC)316445813 | ||
| 035 | _a(PL)b0000001994799 | ||
| 035 | _a(EXLNZ-48OMNIS_NETWORK)9910408423805606 | ||
| 040 |
_aWA N _cWA N _dKOSZ 005/RW |
||
| 046 | _k1969 | ||
| 080 | _a669.1 | ||
| 080 | _a(075.8) | ||
| 100 | 1 |
_aMazanek, Tadeusz _eAutor |
|
| 245 | 1 | 0 |
_aPodstawy teoretyczne metalurgii żelaza / _cTadeusz Mazanek, Kazimierz Mamro. |
| 260 |
_aKatowice : _bŚląsk, _c1969. |
||
| 300 |
_a351 stron, [2] karty tablic : _bilustracje ; _c25 cm. |
||
| 336 |
_aTekst _btxt _2rdacontent |
||
| 337 |
_aBez urządzenia pośredniczącego _bn _2rdamedia |
||
| 338 |
_aWolumin _bnc _2rdacarrier |
||
| 380 | _aKsiążki | ||
| 388 | _a1901-2000 | ||
| 504 | _aBibliografia przy rozdziałach. | ||
| 521 | _aKsiążka jest przeznaczona dla inżynierów i techników metalurgów oraz może służyć pomocą dla studentów wyższych technicznych uczelni. | ||
| 650 | 7 |
_aŻelazo _2DBN |
|
| 650 | 7 | _aMetalurgia | |
| 655 | 7 | _aPodręczniki akademickie | |
| 658 | _aInżynieria i technika | ||
| 700 | 1 |
_aMamro, Kazimierz _d(1929- ) _eAutor |
|
| 710 | 2 |
_aWydawnictwo "Śląsk" _4pbl |
|
| 856 |
_uhttp://koha.tu.koszalin.pl/cgi-bin/koha/opac-detail.pl?biblionumber=10612 _yKatalog online BPK |
||
| 942 |
_2UKD _cKS |
||
| 999 |
_c10612 _d10612 |
||